LEADER 02587nam 2200505 450 001 9910586574403321 005 20230110152420.0 010 $a1-4842-8230-2 024 7 $a10.1007/978-1-4842-8230-4 035 $a(MiAaPQ)EBC7070995 035 $a(Au-PeEL)EBL7070995 035 $a(CKB)24360657000041 035 $a(OCoLC)1340957611 035 $a(OCoLC-P)1340957611 035 $a(CaSebORM)9781484282304 035 $a(PPN)264196600 035 $a(EXLCZ)9924360657000041 100 $a20230110d2022 uy 0 101 0 $aeng 135 $aurcnu|||||||| 181 $ctxt$2rdacontent 182 $cc$2rdamedia 183 $acr$2rdacarrier 200 00$aPro database migration to Azure $edata modernization for the enterprise /$fKevin Kline [and three others] 210 1$aBerkeley, CA :$cApress L. P.,$d[2022] 210 4$dİ2022 215 $a1 online resource (xxii, 330 pages) $cillustrations 311 08$aPrint version: Kline, Kevin Pro Database Migration to Azure Berkeley, CA : Apress L. P.,c2022 9781484282298 327 $a1. The Azure SQL Data Platform 2. Planning Considerations and Analysis 3. Budgeting for an Azure Migration 4. Azure Cost Management 5. Service and Systems Monitoring 6. Migrating Data and Code 7. Team Success Factors 8. Security, Privacy, and Compliance with the Law 9. Documenting Data Sources and Metadata in a Data Dictionary 10. Moving Your Data to the Cloud 11. Data Validation Testing 12. Post-Migration Tasks 13. Post Mortem 330 $aMigrate your existing, on-premises applications into the Microsoft Azure cloud platform. This book covers the best practices to plan, implement, and operationalize the migration of a database application from your organization's data center to Microsoft's Azure cloud platform. Data modernization and migration is a technologically complex endeavor that can also be taxing from a leadership and operational standpoint. This book covers not only the technology, but also the most important aspects of organization culture, communication, and politics that so frequently derail such projects. 606 $aSystems migration 606 $aDatabase management 606 $aMicrosoft Azure (Computing platform) 615 0$aSystems migration. 615 0$aDatabase management. 615 0$aMicrosoft Azure (Computing platform) 676 $a006.76 702 $aKline$b Kevin 801 0$bMiAaPQ 801 1$bMiAaPQ 801 2$bMiAaPQ 906 $aBOOK 912 $a9910586574403321 996 $aPro database migration to Azure$92910446 997 $aUNINA